000 00631 a2200205 4500
999 _c8327
_d8327
003 GBCCL
005 20241126110648.0
008 191128b ||||| |||| 00| 0 eng d
020 _a9789386127846
040 _cGBC
082 _a266.0091732
_bMAN
100 _aManokaran,J N
_914493
245 _aChrist and mission mandate for cities
260 _aChennai, India :
_bWord of Christ Ministries,
_c2017
300 _a230 pages ;
_b22 cm
650 _aCity churches.
_92402
650 _aCities and towns -- Religious aspects -- Christianity.
_914494
650 _aMissions. Missions -- India.
_914495
942 _2ddc
_cBK
_046